Cuentos de intriga y terror /

Guardado en:
Autor Principal: Poe, Edgar Allan
Formato: Libro
Publicado: Colombia : Nuevo Siglo, 1994
Materias:
Etiquetas: Agregar Etiqueta
Sin Etiquetas, Sea el primero en etiquetar este registro!
LEADER 00775nam a22002175a 4500
001 CEM.cems016899
005 20141115065435.0
008 130507s1994##################000#0#####d
003 CEMS
020 |a 87904911X 
082 0 4 |a 818.3 
100 1 |a Poe, Edgar Allan 
245 1 0 |a Cuentos de intriga y terror /  |c Edgar Allan Poe, 
260 |a Colombia :  |b Nuevo Siglo,  |c 1994 
300 |a 157 p. 
505 0 |a La carta robada -- El pozo y el péndulo -- Berenice -- Ligeia -- La caída de la Casa Usher -- El gato negro -- Manuscrito hallado en una botella -- El entierro prematuro 
653 |a Literatura de terror 
653 |a Cuentos eeuu siglo 19 
653 |a Cuentos de terror 
653 |a Literaturacuentos 
859 |a CEMS  |b BIB. CEMS - Agricultura  |h 818.3  |i P752-2  |p A0039.00  |t Ej.1